|
|
|
|
| LEADER |
01063nam a2200325 4500 |
| 001 |
DLU110115530 |
| 005 |
##20110126 |
| 040 |
# |
# |
|a DLU
|b vie
|
| 041 |
# |
# |
|a vie
|
| 044 |
# |
# |
|a vn
|
| 082 |
# |
# |
|a 529.3
|b LE-L
|
| 100 |
# |
# |
|a Lê Thành Lân,
|c PGS.TS.
|
| 245 |
# |
# |
|a Năm trăm năm lịch Việt Nam :
|b 1544-2043 /
|c Lê Thành Lân.
|
| 260 |
# |
# |
|a H. :
|b NXB. Hà nội,
|c 2010.
|
| 300 |
# |
# |
|a 1032 tr. ;
|c 24 cm.
|
| 490 |
# |
# |
|a Tủ sách Thăng Long 1000 năm.
|
| 504 |
# |
# |
|a Tài liệu tham khảo: tr. 1025.
|
| 505 |
# |
# |
|a Chương I. Các vấn đề chung về lịch và lịch Việt Nam -- Chương II. Lịch Việt Nam từ 1544 đến 2043 -- Chương III. Niên biểu lịch sử Việt Nam -- Chương IV. Các lịch vĩnh cửu và ngày tiết khí của 100 năm (1944-2043).
|
| 653 |
# |
# |
|a Lịch học
|
| 923 |
# |
# |
|a 18/2010
|
| 991 |
# |
# |
|a SH
|
| 992 |
# |
# |
|a 52000
|
| 994 |
# |
# |
|a DLU
|
| 900 |
# |
# |
|a True
|
| 911 |
# |
# |
|a Đào Thị Thu Huyền
|
| 925 |
# |
# |
|a G
|
| 926 |
# |
# |
|a A
|
| 927 |
# |
# |
|a SH
|
| 980 |
# |
# |
|a Thư viện Trường Đại học Đà Lạt
|